KARA KUTU (Record no. 739948)

MARC details
000 -LEADER
sabit uzunluktaki kontrol alanı 00239nam a2200097Ia 4500
001 - KONTROL NUMARASI
kontrol alanı 739948
005 - EN SON İŞLEMİN TARİH VE ZAMANI
kontrol alanı 20250826164131.0
008 - SABİT-UZUNLUKTA VERİ ÖĞELERİ--GENEL BİLGİ
sabit uzunluktaki kontrol alanı 250824s9999 xx 000 0 und d
245 #0 - ESER / YAZAR
ESER ADI KARA KUTU
Yazar Adı AYLA ÇINAROĞLU
260 ## - YAYIN, DAĞITIM, VB.
YAYIN EVİ UÇANBALIK YAYINLARI
Holdings
Düşüm durumu Kayıp durumu Hasar Durumu Ödünç verilmez Ana kütüphane Geçerli Kütüphane Edinilen tarih Toplam ödünç verme sayısı Barkod Son görüntüleme tarihi Fiyatın geçerli olmaya başladığı tarih Koha materyal türü
        SIRAÇ AYDIN TAŞBAŞ İLKOKULU SIRAÇ AYDIN TAŞBAŞ İLKOKULU 24.08.2025   10133402 26.08.2025 26.08.2025 Books